LEADER 01228nam a2200277 4500 001 000000363800 003 CaOOAMICUS 005 20250805100422.0 008 250805s2023 it 000 u ita r 020 $a979-1-254-80047-8 040 $aSeMil$bita 100 1 $aParca, Gabriella,$d<1926-2016>.$0(OLS)http://semarc/name/19560 245 13$aLe italiane si confessano /$cGabriella Parca ; prefazione di Chiara Tagliaferri. 264 1$aMilano :$bNottetempo,$c2023. 300 $a331 p. ;$c20 cm 490 1 $aNottetempo. Cronache 650 4$aDonne - Psicologia amorosa - Inchieste - Italia.$0(OLS)http://semarc/subject/58389 650 4$aDonne - Comportamento sessuale - Italia - Inchieste.$0(OLS)http://semarc/subject/58390 700 1 $aTagliaferri, Chiara.$0(OLS)http://semarc/name/122534 830 0$aNottetempo. Cronache.$0(OLS)http://semarc/title/455106 850 $aSeMil 852 $aSeMil$W1$xVenegono$y1$m2O IV 75$j260450$B254658$CSeMilBibl$Z2$F254658 $81 996 $6020$a979-1-254-80047-8$9(OLS)http://semarc/number/303811 996 $6245$aLe italiane si confessano$9(OLS)http://semarc/title/455118 996 $6264$aMilano :$bNottetempo$9(OLS)http://semarc/publisher/55594 LEADER 00840nas a2200205 i 4500 001 000000002639 003 CaOOAMICUS 005 20180830125436.0 008 180830s1966 fr uu u0 0und r 022 $a0033-0884 040 $aSeMil$bita 245 10$aProjet :$bRevue de l'Action Populaire. 260 $aParis :$bCeras,$c1966. 500 $aHanno sospeso il cambio e non viene fatto l'abbonamento in seguito al parere di Mons. Guzzetti e di Don Gilardi. 500 $aConsistenza: n. 1 (1966, gennaio) - n. 83 (1974, marzo). 774 0 $tTitolo mancante.$w()132488 780 00$tRevue de l'Action Populaire.$dParis : Spes $w()2766 996 $6022$a0033-0884$9(OLS)http://semarc/number/417 996 $6245$aProjet :$bRevue de l'Action Populaire$9(OLS)http://semarc/title/4476 996 $6260$aParis :$bCeras$9(OLS)http://semarc/publisher/30834